MARC details
| 000 -LÍDER |
| campo de controle de tamanho fixo |
01632nam a22003014a 4500 |
| 001 - NÚMERO DE CONTROLE |
| campo de controle |
484 |
| 003 - IDENTIFICADOR DO NÚMERO DE CONTROLE |
| campo de controle |
OSt |
| 005 - DATA E HORÁRIO DA ÚLTIMA TRANSAÇÃO |
| campo de controle |
20250903151841.0 |
| 008 - CAMPO DE DADOS FIXOS--INFORMAÇÃO GERAL |
| campo de controle de tamanho fixo |
250903b |||||||| |||| 00| 0 eng d |
| 020 ## - ISBN - INTERNATIONAL STANDARD BOOK NUMBER |
| ISBN - International Standard Book Number |
8570561768 |
| 040 ## - FONTE DA CATALOGAÇÃO |
| Idioma da catalogação |
por |
| 041 ## - CÓDIGO DE IDIOMA |
| Código do idioma do original e/ou traduções intermediárias do texto |
por |
| 082 04 - CDD - CLASSIFICAÇÃO DECIMAL DE DEWEY |
| Número de Classificação |
028.5 |
| Número do exemplar |
A329r |
| 100 1# - ENTRADA PRINCIPAL--NOME PESSOAL |
| Nome pessoal |
Albergaria, Lino de, |
| Datas associadas ao nome |
1950- |
| 9 (RLIN) |
1039 |
| 245 12 - TÍTULO |
| Título |
O relogio do mundo / |
| Indicação de responsabilidade, etc. |
Lino de Albergaria ; ilustracoes: Claudia Ferreira. - |
| 250 ## - EDIÇÃO |
| Declaração de edição |
6a ed. - |
| 260 ## - PUBLICAÇÃO, DISTRIBUIÇÃO, ETC. |
| Local de publicação, distribuição, etc. |
São Paulo : |
| Nome do editor, distribuidor, etc. |
Atual, |
| Data da publicação, distribuição, etc. |
c1989. |
| 300 ## - DESCRIÇÃO FÍSICA |
| Extensão |
60p. : |
| Outros detalhes físicos |
il. ; |
| 520 ## - NOTA DE RESUMO, ETC. |
| Resumo, etc. |
Enquanto livra os cravos brancos do mato que insiste em crescer no jardim de sua casa, o jovem Casemiro Correia pensa em Cucura, a cidade mágica, localizada do outro lado da floresta que começa no final de sua rua. Obrigado pelo pai a partir em uma missão quase impossível - caçar a insistente coruja que aparentemente traz mau agouro à cidade onde vivem, a decadente Cravo Branco -, Casemiro experimenta situações inusitadas, algumas delas apavorantes. Munido de curiosidade e coragem, penetra no coração da mata, encontra seres fantásticos, conhece o funcionamento do relógio do mundo, descobre os segredos da cidade mágica e passa por uma série de transformações que fazem dele o ser ideal para restaurar a paz entre Cravo Branco e Cucura, em guerra há anos por causa da extração de ouro e da destruição da natureza.<br/> |
| 650 ## - ASSUNTO--TERMO TÓPICO |
| Cabeçalho tópico ou nome geográfico |
Literatura Brasileira |
| 9 (RLIN) |
205 |
| 650 ## - ASSUNTO--TERMO TÓPICO |
| Cabeçalho tópico ou nome geográfico |
Infantojuvenil |
| 9 (RLIN) |
200 |
| 650 ## - ASSUNTO--TERMO TÓPICO |
| Cabeçalho tópico ou nome geográfico |
Aventura |
| 9 (RLIN) |
47 |
| 655 #0 - TERMO DE ÍNDICE--GÊNERO E FORMA |
| Gênero/forma/ou termo foco |
Romance |
| 655 #0 - TERMO DE ÍNDICE--GÊNERO E FORMA |
| Gênero/forma/ou termo foco |
Ficção |
| 700 1# - ENTRADA ADICIONADA - NOME PESSOAL |
| Nome pessoal |
Ferreira, Claudia |
| Datas associadas ao nome |
1955- |
| 830 ## - ENTRADA SECUNDÁRIA DE SÉRIE--TÍTULO UNIFORME |
| Título uniforme |
Era outra vez |
| 9 (RLIN) |
1042 |
| 942 ## - ELEMENTOS DE ENTRADA ADICIONADOS (KOHA) |
| Fonte de classificação ou esquema de arquivamento |
Classificação decimal de Dewey |
| Ocultar no OPAC |
Não |
| Tipo de material Koha |
Livros |